000 01319nam a22003377a 4500
003 CSPC
005 20240628095410.0
008 230830b |||||||| |||| 00| 0 eng d
040 _aCSPC LIBRARY
_beng
_cCSPC
090 _aUTH BSTM C269f 2022
100 _aCasilan, Marvin C.,
_eauthor.
245 _aFactors that influence social media network to silver tourists /
_cMarvin C. Casilan [and 3 others].
264 _aNabua, Camarines Sur :
_bCamarines Sur Polytechnic Colleges,
_c2022.
300 _axiv, 101 leaves :
_btables ;
_c28 cm.
_e+ accompanying material
336 _2rdacontent
_atext
337 _2rdamedia
_aunmediated
338 _2rdacarrier
_avolume
502 _aUndergraduate Thesis (BSTM) - Tourism Management.
_cCamarines Sur Polytechnic Colleges, 2022.
504 _aIncludes bibliographical references.
650 _aSocial Media.
650 _aTourist trade.
700 _aGonzales, Sheena A.,
_eauthor.
700 _aNabata, Jezreel Ann S.,
_eauthor.
700 _aVillamer, Jezelle M.,
_eauthor.
720 _aGonzales, Ruby Jane Saldo,
_eadviser.
720 _aSotero, Maria Luisa O.,
_epanelist, chair
720 _aCarilo, Maruja C.,
_epanelist
720 _aSaclag, Edesa R.,
_epanelist
942 _2ddc
_cUM
_n0
_hC269f
_iBSTM
_kUTH
_m2022
999 _c26008
_d26008